000 00354nam a2200145Ia 4500
008 230312s9999||||xx |||||||||||||| ||und||
020 _a0-7020-0974-1
082 _a615.1
_bTIN-C
100 _aTindall;Bailliere
245 0 _aClinical Pharmacology
260 _bBritish library
_aUK
_c1984
300 _a647
650 _aMedical
_vPharmacology
942 _cBK
999 _c715
_d715